[Event "Montevideo Contra el Bicho op"]
[Site "Montevideo"]
[Date "2020.09.04"]
[Round "3"]
[White "Muzzi, Eduardo"]
[Black "Ramos, Matias"]
[Result "1-0"]
[WhiteElo "1906"]
[BlackElo "1481"]
[PlyCount "29"]
[EventDate "2020.08.28"]
[EventType "swiss"]
[EventRounds "6"]
[EventCountry "URU"]
[SourceTitle "EXT 2021"]
[Source "ChessBase"]
[SourceDate "2020.10.23"]
[SourceVersion "1"]
[SourceVersionDate "2020.10.23"]
[SourceQuality "1"]

1. e4 c5 2. Bc4 Nc6 3. Nc3 e6 4. f4 a6 5. a4 d6 6. Nf3 g6 7. 0-0 Bg7 8. d3 Nge7 9. Qe1 0-0 10. f5 exf5 11. Qh4 Be6 12. Bxe6 fxe6 13. Ng5 h6 14. Nxe6 Qe8 15. Nxg7 1-0

[Event "Montevideo Contra el Bicho op"]
[Site "Montevideo"]
[Date "2020.08.28"]
[Round "1"]
[White "Ramos, Matias"]
[Black "Avedisian, Alexander"]
[Result "0-1"]
[WhiteElo "1481"]
[BlackElo "1923"]
[PlyCount "86"]
[EventDate "2020.08.28"]
[EventType "swiss"]
[EventRounds "6"]
[EventCountry "URU"]
[SourceTitle "EXT 2021"]
[Source "ChessBase"]
[SourceDate "2020.10.23"]
[SourceVersion "1"]
[SourceVersionDate "2020.10.23"]
[SourceQuality "1"]

1. e4 c5 2. Nf3 g6 3. c3 d5 4. exd5 Qxd5 5. Bb5+ Bd7 6. Bxd7+ Nxd7 7. d4 Bg7 8. Be3 Nh6 9. Nbd2 Nf5 10. Qb3 Nxe3 11. fxe3 Qc6 12. d5 Qc7 13. e4 0-0 14. 0-0 a6 15. a4 b6 16. Kh1 Rab8 17. Rae1 b5 18. axb5 axb5 19. Qc2 c4 20. Rf2 Nc5 21. Rfe2 Nd3 22. Rf1 Ra8 23. Ne1 Ne5 24. Ndf3 Ng4 25. h3 Nf6 26. Nd4 Nh5 27. Re3 Ng3+ 28. Rxg3 Qxg3 29. Nef3 Ra2 30. Nc6 Re8 31. e5 Bf8 32. Qd2 Rea8 33. Qf2 Qf4 34. Nfd4 Qxf2 35. Rxf2 Ra1+ 36. Kh2 Rb1 37. Nxb5 Ra2 38. Nb4 Raxb2 39. Rf3 Rd1 40. Nc7 Rdd2 41. Rg3 Bh6 42. Rg4 Be3 43. h4 h5 0-1